Súvislosti konkurencieschopnosti

Teoretické východiská konkurencieschopnosti. Pyramídová bilancia a zdroje tvorby konkurenčnej stratégie. Manažment a organizácia v siločiarach konkurencieschopnosti. Možnosti zvyšovania konkurencieschopnosti organizácií na Slovensku.

Na minha lista:
Detalhes bibliográficos
Autor principal: Mihalčová, Bohuslava, 1963-
Outros Autores: Socha, Luboš
Formato: Capítulo de Livro
Idioma:eslovaco
Assuntos:
Tags: Adicionar Tag
Sem tags, seja o primeiro a adicionar uma tag!

MARC

LEADER 00000naa$a2200000$$$4500
001 0143585
005 20240502072556.9
041 0 |a slo 
044 |a SK 
245 1 0 |a Súvislosti konkurencieschopnosti  |c Bohuslava Mihalčová, Ľuboš Socha 
520 |a Teoretické východiská konkurencieschopnosti. Pyramídová bilancia a zdroje tvorby konkurenčnej stratégie. Manažment a organizácia v siločiarach konkurencieschopnosti. Možnosti zvyšovania konkurencieschopnosti organizácií na Slovensku. 
610 2 0 |a konkurencieschopnosť 
610 2 0 |a výhody konkurenčné 
610 2 0 |a výkonnosť 
610 2 0 |a stratégia podniková 
610 2 0 |a riadenie podnikové 
610 2 0 |a Slovensko 
100 1 |a Mihalčová, Bohuslava, 1963- 
700 1 |a Socha, Luboš